Фильмы Альфреда Хичкока - Армагеддон - Statistics

General Stats
  • This quiz has been taken 14 times
  • The average score is 5 of 15
Answers on the Grid
Answers color-coded by a green-red scale on the quiz's grid according to % correct below.
Под знаком Козерога
Бульвар Сансет
Мошенник
Воспоминание об убийстве
Окно во двор
Ревущие двадцатые
На север через северо-запад
Верёвка
Шёпоты и крики
Неприятности с Гарри
У холмов есть глаза
Птицы
Дурная слава
М
Ангелы с грязными лицами
Головокружение
Незнакомцы в поезде
Мыс страха
Человек, который слишком много знал
Леди исчезает
400 ударов
Страх сцены
Психо
Соломенные псы
Заводной апельсин
Мистер и миссис Смит
Паранойя
Я исповедуюсь
Асфальтовые джунгли
Лицо со шрамом
 
Answer Stats
Answer % Correct
Окно во двор
64%
Птицы
64%
Психо
64%
Головокружение
45%
На север через северо-запад
36%
Верёвка
36%
Незнакомцы в поезде
27%
Леди исчезает
27%
Под знаком Козерога
18%
Неприятности с Гарри
18%
Человек, который слишком много знал
18%
Дурная слава
9%
Страх сцены
9%
Мистер и миссис Смит
9%
Я исповедуюсь
9%
No matching quizzes found
Score Distribution
Percent of People with Each Score
Percentile by Number Answered
Your Score History
You have not taken this quiz